Word Ladder: Going to the Beach Quiz Stats

 Plays Quiz Updated Jun 18, 2018

Challenge
Share
Tweet
Embed
Score 0/32 Timer 03:00
1 Play Today
Clue 4-Letter Word % Correct
4 years, for a U.S. PresidentTERM
95.2%
** Summer ocean verb with a board **SURF
95.2%
Opposite of succeedFAIL
93.5%
Pants supporterBELT
92.9%
Ernie's roomieBERT
92.3%
Outerwear, especially in colder weatherCOAT
92.2%
** This craft may be in the water **BOAT
92.2%
SpinTURN
91.5%
** Beachy partner of a shovel **PAIL
90.1%
The mealtime companion of the first rungTURF
89.3%
Abel's biblical brotherCAIN
89.1%
** A type of seagull **TERN
89%
Disney movie about a dogBOLT
88.9%
Study last minute for a testCRAM
88.7%
** This pinchy crustacean could make your trip nasty **CRAB
88.6%
Carboniferous fuelCOAL
88.4%
Clue 4-Letter Word % Correct
Speak to GodPRAY
87.9%
Mixture of black and whiteGRAY
87.5%
Grass strip beside the roadBERM
86.8%
To take forcefullyGRAB
86.3%
** This is a feature of a sunburn **PAIN
86.1%
What a knight does to a dragonSLAY
85%
** You may find a shell of this mollusk on the beach **CLAM
83.2%
** Gritty material the beach is made of **SAND
82.8%
** You can do this on the beach or in the water **PLAY
81.7%
A large family unitCLAN
80.9%
Thick piece of stone or concreteSLAB
80.6%
The Godfather actor JamesCAAN
79.4%
A very thin sheet of metalFOIL
77.1%
Swedish automakerSAAB
76.1%
Spring, e.g.COIL
75.3%
NHL player Brandon SAAD
68.4%

Today's Daily Dose

You're not logged in!

Compare scores with friends on all Sporcle quizzes.
Join for Free
OR
Log In

You Might Also Like...

Show Comments

Extras

Top Quizzes Today


Score Distribution

Your Account Isn't Verified!

In order to create a playlist on Sporcle, you need to verify the email address you used during registration. Go to your Sporcle Settings to finish the process.

Report this User

Report this user for behavior that violates our Community Guidelines.

Details: